Igenis érdemes

Bibliographic Details
Main Authors: Tóth, Anikó N., 1967- (ain), Vas, Ottó, 1940-2020 (Author, uin)
Format: Article
Language:Hungarian
PhysicalDescription:Fotogr.
Subjects:

MARC

LEADER 00000nab a2200000 a 4500
001 vtls000792529
003 SK-MaSNL
005 20260318114612.0
008 160322c2002 xo 0 hun
015 |a SNBRB2002/04-14676 
035 |a CLN000144184 
040 |a SNKBUCL  |b slo  |c SNKBUCL  |e AACR2 
041 0 |a hun 
044 |a xo  |c SK 
080 |a 37-051  |2 UDC-MRF-SK2 
080 |a 792.077  |2 UDC-MRF-SK2 
100 1 |a Tóth, Anikó N.,  |d 1967-  |4 ain  |9 98326 
245 1 0 |a Igenis érdemes  |c N. Tóth Anikó, Vas Ottó 
300 |b Fotogr. 
600 1 7 |a Vas, Ottó,  |d 1940-2020  |2 snkbucl  |9 204238 
651 7 |a Levice (Slovensko : okres)  |2 snkbucl  |9 15245 
655 7 |a články z novín a časopisov  |2 snkbucl  |9 267496 
700 1 |a Vas, Ottó,  |d 1940-2020  |4 aut  |4 uin  |9 204238 
773 0 |t Vasárnap  |g Roč. 35, č. 10 (2002), s. 30-31 
850 |a Slovenská národná knižnica v Martine 
852 |a SNK  |b KIS3GCP 
958 |a HU 
958 |a SK 
958 |a BX 
958 |a RBX 
999 |c 3324957  |d 3326887